1376 1179 1171 1244 1017 1929 1050 1800 1918 1518 1290 1367 1642 1334 1991 1449 1232 1942 1546 1768 1848 1732 1442 1862 1642 1089 1231 1572 1448 1921 1751 1805 1998 1387 1932 1106 1852 1678 1370 1653 1920 1945 1198 1022 1423 1084 1313 1156 1635 1854 1699 1346 1799 1844 1564 1182 1239 1634 1643 1083 1600 1239 1056 1223 1941 1258 1037 1189 1629 1006 1530 1677 1315 1206 1968 1024 1457 1481 1661 1205 1782 1239 1068 1656 1461 1891 1851 1760 1878 1124 1257 1413 1413 1228 1598 1674 1898 1198 1341 BCNSPRNW ULIB Ver.6.0+V

เปลี่ยนเป็นภาษาไทย

Change to English
 แสดงรายละเอียดบรรณานุกรม
  กลับหน้าหลัก

Brief Record : Get Marc (ISO 2709) : E-mail record : QR code < ปิดหน้าต่าง
LEADER : 00000nas 2200000uu 4500
001    13399126579
003     ULIB
008    190117s2562||||th 000 0 tha d
022 0  ^a26511312
245 00 ^aวารสารวิจัยและนวัตกรรมทางสุขภาพ/^bวิทยาลัยพยาบาลบรมราชชนนี สุราษฎร์ธานี
310    ^aราย 6 เดือน
850 ^a ULIB^bปีที่ 1 ฉบับที่ 1 ฉ.1
945    ^p0^l0^i905147
999    ^aประนอม เกษจรัล
999    ^aประนอม เกษจรัล
รายการนี้ยังไม่มีแท็ก
คุณยังไม่ได้ล็อกอิน คุณสามารถมีกิจกรรมร่วมกับเว็บไซต์ได้ แต่ต้องล็อกอินก่อน ::
  ล็อกอิน

รายการสื่อสารสนเทศ (วารสาร)

ดูแบบ: กล่อง รายการ
ARRIVED
ปีที่ 1 ฉบับที่ 1 ฉ.1
สถานที่: ห้องสมุดวิทยาเขตสวรรค์ประชารักษ์ >วารสาร

BibComment


ยังไม่เคยถูกคอมเมนท์

คอมเมนท์ทรัพยากรรายการนี้
  คอมเมนท์: วารสารวิจัยและนว..


 Copyright 2026. Bcnsprnw @Library